LDR 01029naa#a2200181#i#450# 001 RU\\bibl\121420 005 20260515101524.5 011 ## _a1994-4683 100 ## _a20230531b2023####ek#y0rusy0150####ca 102 ## _aRU 200 1# _aРАЗВИТИЕ ЗАКОНОДАТЕЛЬСТВА В СФЕРЕ СТУДЕНЧЕСКОГО СПОРТА В РОССИЙСКОЙ ФЕДЕРАЦИИ _eЖурнальная статья 210 1# _aМосква _cНациональный государственный Университет физической культуры, спорта и здоровья им. П.Ф. Лесгафта _d2023 215 ## _a3 с. 608 ## _aЖурнальная статья _2local 675 ## _aОбщие вопросы организации. Регулирование.Положения. Формальности. Спортивная деятельность, например судейство. 796.06 _z 700 #1 _aКазанцева _gН В 700 #1 _aКазанцев _gВ С 856 4# _auchzapiski.lesgaft.spb.ru _u